Uma introdução à computação paralela e distribuída /

Guardado en:
Autor Principal: Amorim, Claudio Luis de.
Autor Corporativo: Escola de Computação
Otros Autores: Barbosa, Valdir Carneiro., Fernandes, Edil Severiano Tavares.
Formato: Libro
Idioma:Portuguese
Publicado: Campinas : [UNICAMP], 1988.
Etiquetas: Agregar Etiqueta
Sin Etiquetas, Sea el primero en etiquetar este registro!
LEADER 00770nam a22001935a 4500
001 MAT.inmabb004859
008 080722s1988####bl#a#####b####000#0#por#d
005 20130314143216.0
245 1 4 |a Uma introdução à computação paralela e distribuída /  |c por Claudio Luis de Amorim, Valdir Carneiro Barbosa, Edil Severiano Tavares Fernandes. 
260 |a Campinas :  |b [UNICAMP],  |c 1988. 
300 |a xi, 258 p. :  |b il. ;  |c 23 cm. 
500 |a "VI Escola de Computação". 
504 |a Bibliografía: p. [249]-258. 
100 1 |a Amorim, Claudio Luis de. 
700 1 |a Barbosa, Valdir Carneiro. 
700 1 |a Fernandes, Edil Severiano Tavares. 
711 2 |a Escola de Computação  |n (6a. :  |d 1988 :  |c Campinas) 
084 |a 68W10 (68W15)  |2 msc2000 
859 |h 68  |i Am524  |p A-6999  |b BIB. MATEMATICA